Z kulturneho žiwjenja łužiskich serbow po swětowej wójnje : Serbske wudaće : Ze 44 wobrazami /

Hlavní autor: Páta, Josef, 1886-1942
Jazyk: Lužická srbština
Vydáno: Budyšinj : Koło serbskich spisowaćelow, 1932
Edice: Sławjanske rozhlady
Fyzický popis: 97 s. : ilustr
Knihy
Uloženo v:
LEADER 00659nam a22002052a 4500
001 001616050
003 CZ BrMZK
005 20180212145208.0
007 ta
008 180212s1932 gw er|||||||||||wen d
040 |a ABA004  |b cze  |d BOA001  |e aacr2 
100 1 |a Páta, Josef,  |d 1886-1942  |7 jk01091858  |4 aut 
245 1 0 |a Z kulturneho žiwjenja łužiskich serbow po swětowej wójnje :  |b Serbske wudaće : Ze 44 wobrazami /  |c Józef Páta 
260 |a Budyšinj :  |b Koło serbskich spisowaćelow,  |c 1932 
300 |a 97 s. :  |b ilustr 
490 1 |a Sławjanske rozhlady ;  |v č. 7 
830 0 |a Sławjanske rozhlady 
910 |a BOA001  |b 1-0077.184,7 
990 |a BK 
991 |b 201801